[Event "Match"]
[Site "www.echecsemail.com"]
[Date "2017.01.18"]
[Round "1"]
[White "Ledzepp"]
[Black "Coraza8091"]
[WhiteElo "1470"]
[BlackElo "1500"]
[Result "0-1"]
[Round "1"]
1.e4 e5
2.d4 exd4
3.Qd1xd4 Nb8c6
4.Qd4d5 Nc6b4
5.Qd5b3 Qd8e7
6.Ng1f3 Qe7xe4
7.Bf1e2 Nb4xc2
8.Kf1 Nc2xa1
9.Nf3g5 Na1xb3
10.Ng5xe4 Nb3xc1
11.Be2c4 c6
12.Ne4g5 d5
13.Bc4e2 Nc1xa2
14.Be2h5 g6
15.Bh5f3 Bc8f5
16.Nb1d2 Bf5d3
17.Ke1 Bf8g7
18.Nd2b3 Na2b4
19.Nb3c5 O-O-O
20.Ng5xf7 Rd8e8
21.Kd2 Bd3e4
22.Nc5xe4 dxe4
23.Nf7d6 Kd8
24.Nd6xe8 Kxe8
25.Bf3xe4 Bg7xb2
26.Rh1e1 Ng8e7
27.Ke3 Rh8f8
28.Re1b1 Bb2c3
29.Rb1b3 Bc3e1
30.Ke2 Rf8f4
31.f3 Nb4c2
32.Rb3xb7 a5
33.Be4xc2 Be1b4
34.g3 Rf4c4
35.Rb7b8 Kd7
36.Bc2d3 Rc4c1
37.h4 Rc1e1
38.Kf2 Kc7
39.Rb8h8 h5
40.g4 a4
41.Rh8a8 Re1a1
42.gxh5 gxh5
43.Ra8h8 a3
44.Rh8xh5 a2
45.Bd3c4 Bb4e1
46.Ke2 Ne7d5
47.Rh5h7 Kb6
48.Kd3 Ra1d1
49.Ke4 Nd5f6
50.Kf5 Nf6xh7
51.Bc4xa2 Be1xh4
52.Kg4 Rd1d4
53.Kf5 c5
54.Ke5 Bh4g3
55.Kf5 Rd4f4
56.Kg6 Nh7f8
57.Kg5 Nf8h7
58.Kh6 Nh7f8
59.Ba2d5 Rf4f6
60.Kg7 Nf8d7
61.Bd5e4 Bg3e5
62.Be4a8 Rf6f8
63.Kg6 Rf8xa8
64.Kf5 c4
65.Ke4 c3
66.Kd3 Ra8c8
67.Kc2 Kb5
68.f4 Be5xf4
{ resign }
0-1

[Event "Match"]
[Site "www.echecsemail.com"]
[Date "2017.01.18"]
[Round "1"]
[White "Forest"]
[Black "Jobeye"]
[WhiteElo "1760"]
[BlackElo "2410"]
[Result "1-0"]
[Round "1"]
1.e4 e6
2.d4 d5
3.exd5 exd5
4.Bf1d3 c5
5.dxc5 Bf8xc5
6.Ng1f3 Qd8a5
7.c3 d4
8.O-O dxc3
9.Nb1xc3 Ng8e7
10.Bd3b5 Nb8c6
11.Bb5xc6 bxc6
12.Nc3e4 O-O
13.Ne4xc5  { time }
1-0

[Event "Match"]
[Site "www.echecsemail.com"]
[Date "2017.01.18"]
[Round "1"]
[White "Mitja"]
[Black "Bojan"]
[WhiteElo "2030"]
[BlackElo "2000"]
[Result "0-1"]
[Round "1"]
1.d4 g6
2.e3 Bf8g7
3.c3 d5
4.h3 a6
5.Ng1f3 Bc8d7
6.Bf1e2 Nb8c6
7.Nb1d2 Ng8f6
8.O-O Nf6e4
9.Be2d3 f5
10.Bd3c2 e5
11.Nd2xe4 fxe4
12.Nf3h2 Qd8g5
13.Kh1 h5
14.b3 b5
15.Bc1b2 O-O
16.Qd1e2 Rf8f7
17.Ra1d1 Nc6e7
18.b4 Ne7f5
19.Qe2e1 Nf5h4
20.Rf1g1 Ra8f8
21.Rd1d2 c6
22.a3 Qg5d8
23.Bb2a1 exd4
24.cxd4 a5
25.Rg1f1 axb4
26.axb4 Qd8g5
27.Rf1g1 Qg5d8
28.Ba1c3 Bg7f6
29.Nh2f1 Bf6e7
30.Bc2b3 Be7d6
31.Nf1g3 Qd8c8
32.Ng3f1 Bd7xh3
33.f4 exf3
34.gxh3 f2
35.Rd2xf2 Rf7xf2
36.Bb3d1 Qc8xh3
{ resign }
0-1

[Event "Match"]
[Site "www.echecsemail.com"]
[Date "2017.01.18"]
[Round "1"]
[White "Madhan"]
[Black "Balbyns"]
[WhiteElo "1499"]
[BlackElo "1199"]
[Result "1/2-1/2"]
[Round "1"]
1.Ng1f3 d5
2.Nb1c3 Nb8c6
3.d4 e6
4.Bc1g5 Bf8e7
5.h4 Be7xg5
6.hxg5 Ng8e7
7.e3 a6
8.Bf1d3 g6
9.Qd1e2 Nc6b4
10.O-O-O Ne7c6
11.a3 Nb4xd3
12.Qe2xd3 Qd8e7
13.g4 e5
14.Nc3xd5 Qe7d6
15.dxe5 Nc6xe5
16.Qd3e4 Kf8
17.Nf3xe5 b5
18.Nd5b6 Qd6xb6
19.Qe4xa8 Kg7
{ draw }
1/2-1/2

[Event "Match"]
[Site "www.echecsemail.com"]
[Date "2017.01.18"]
[Round "1"]
[White "Jobeye"]
[Black "Kazooie"]
[WhiteElo "2040"]
[BlackElo "1899"]
[Result "0-1"]
[Round "1"]
1.e4 c5
2.c3 d6
3.h3 Nb8c6
4.Bf1c4 e6
5.f4 Qd8h4
6.Kf1 Qh4xf4
7.Qd1f3 Qf4f6
8.Qf3xf6 Ng8xf6
9.d3 Bf8e7
10.Bc1g5 O-O
11.Ng1f3 a6
12.Bg5xf6 Be7xf6
 { time }
0-1

[Event "Match"]
[Site "www.echecsemail.com"]
[Date "2017.01.18"]
[Round "1"]
[White "Jobeye"]
[Black "Gilliere"]
[WhiteElo "1990"]
[BlackElo "2020"]
[Result "0-1"]
[Round "1"]
1.d4 Ng8f6
2.c4 g6
3.Nb1c3 Bf8g7
4.Ng1f3 d6
5.g3 Nb8d7
6.Bf1g2 O-O
7.O-O Ra8b8
8.Ra1b1 b6
9.Bc1f4 Bc8b7
10.e3 Nf6h5
11.Nf3d2 Bb7xg2
 { time }
0-1

[Event "1/128 Finale"]
[Site "www.chess-mail.com"]
[Date "2017.01.18"]
[Round "1"]
[White "Yoj"]
[Black "Guidom"]
[WhiteElo "1960"]
[BlackElo "2050"]
[Result "0-1"]
[Round "1"]
1.Nb1c3 d5
2.d4 c6
3.e4 dxe4
4.Nc3xe4 Bc8f5
5.Qd1f3 Bf5g6
6.Bf1d3 Qd8xd4
7.Ng1e2 Qd4d8
8.Ne4g5 Ng8h6
9.Bd3xg6 hxg6
10.Bc1e3 f6
11.Ng5e6 Qd8a5
12.Ne2c3 Nh6f5
13.Be3f4 Nb8a6
14.O-O Kf7
15.Rf1e1 Na6c5
16.Ne6xc5 Qa5xc5
17.Qf3e4 e5
18.Bf4d2 Ra8d8
19.Ra1d1 Nf5d6
20.Qe4g4 f5
21.Qg4g3 Nd6c4
22.Re1xe5 Qc5xe5
23.f4 Bf8c5
24.Kh1 Qe5f6
25.Nc3a4 Bc5e3
26.Qg3e1 Rh8xh2
{ resign }
0-1

[Event "Eq:Slap Shot Mates-Equipo Juan Diaz : "]
[Site "www.chess-mail.com"]
[Date "2017.01.18"]
[Round "1"]
[White "Geodad5"]
[Black "Naujzaid"]
[WhiteElo "2140"]
[BlackElo "2120"]
[Result "1-0"]
[Round "1"]
1.e4 c5
2.Ng1f3 d6
3.d4 cxd4
4.Nf3xd4 Ng8f6
5.Nb1c3 e6
6.Bc1e3 Nb8c6
7.Bf1e2 Bf8e7
8.O-O a6
9.h3 O-O
10.Nd4f3 b5
11.a3 Bc8b7
12.Be2d3 Ra8c8
13.Qd1d2 Qd8c7
14.Ra1d1 Rf8d8
15.Nf3d4 Nc6xd4
16.Be3xd4 Bb7c6
17.Qd2e3 Qc7b7
18.f3 a5
19.Bd4b6 Rd8e8
20.Bb6xa5 Nf6d7
21.Kh1 Nd7c5
22.Ba5b4 Nc5xd3
23.cxd3 Re8d8
24.d4 d5
25.Bb4xe7 Qb7xe7
26.exd5 Bc6xd5
27.Nc3xd5 Rd8xd5
28.Rd1d2 h6
29.b4 Rc8c4
30.Rf1d1 Qe7c7
31.Rd2d3 Qc7d7
32.Kh2 e5
33.dxe5 Rd5xd3
34.Rd1xd3 Qd7e7
35.Rd3d5 { resign }
1-0

[Event "Eq:SIETE ESTRELLAS VERDES-Equipo Juan Diaz : "]
[Site "www.chess-mail.com"]
[Date "2017.01.18"]
[Round "1"]
[White "Naujzaid"]
[Black "Susov"]
[WhiteElo "2140"]
[BlackElo "1860"]
[Result "1/2-1/2"]
[Round "1"]
1.d4 d5
2.c4 dxc4
3.Ng1f3 Ng8f6
4.e3 Bc8e6
5.Nb1c3 Be6d5
6.Qd1a4 Qd8d7
7.Qa4xd7 Nb8xd7
8.Nc3xd5 Nf6xd5
9.Bf1xc4 e6
10.O-O a6
11.Bc1d2 Nd5f6
12.a4 Nf6e4
13.Bd2e1 Bf8d6
14.Nf3d2 Nd7f6
15.Nd2xe4 Nf6xe4
16.f3 Ne4f6
17.e4 Bd6f4
18.Be1f2 O-O
19.g3 Bf4d2
20.Rf1d1 Bd2b4
21.Ra1c1 c6
22.d5 { draw }
1/2-1/2

[Event "Fast Game"]
[Site "www.echecsemail.com"]
[Date "2017.01.18"]
[Round "1"]
[White "Paulsyd"]
[Black "Yoj"]
[WhiteElo "1599"]
[BlackElo "1599"]
[Result "1-0"]
[Round "1"]
1.e4 e5
2.Ng1f3 Nb8c6
3.Bf1b5 Bf8c5
4.c3 Qd8f6
5.d4 exd4
6.e5 Nc6xe5
7.Qd1e2 Bc5d6
8.cxd4 Bd6b4
9.Nb1c3 Ng8e7
10.dxe5 Qf6e6
11.O-O c6
12.Nf3g5 Qe6g6
13.Bb5d3 Ne7f5
14.Qe2g4 d5
15.Qg4xb4 a5
16.Qb4c5 Bc8e6
17.Nc3b5 cxb5
18.Bd3xb5 Be6d7
19.Bb5xd7 Kxd7
20.Qc5xd5 Kc8
21.Bc1f4 Ra8a6
22.e6 fxe6
23.Ra1c1 Ra6c6
24.Rc1xc6 bxc6
25.Qd5xc6 Kd8
26.Rf1d1 Ke7
27.Rd1d7 Kf8
28.Ng5xe6 { resign }
1-0

[Event "Fast Game"]
[Site "www.echecsemail.com"]
[Date "2017.01.18"]
[Round "1"]
[White "Norwich"]
[Black "Paulsyd"]
[WhiteElo "1489"]
[BlackElo "1599"]
[Result "0-1"]
[Round "1"]
1.Ng1f3 Ng8f6
2.c4 c5
3.d4 cxd4
4.Nf3xd4 e5
5.Nd4f3 Nb8c6
6.Nb1c3 Bf8b4
7.Bc1d2 O-O
8.e3 e4
 { time }
0-1

[Event "Tourn. n9080"]
[Site "www.chess-mail.com"]
[Date "2017.01.19"]
[Round "1"]
[White "Ozana"]
[Black "Norlavuaram"]
[WhiteElo "2010"]
[BlackElo "2280"]
[Result "1-0"]
[Round "1"]
1.Ng1f3 Ng8f6
2.c4 g6
3.Nb1c3 Bf8g7
4.e4 d6
5.d4 O-O
6.Bf1e2 e5
7.d5 Nb8d7
8.b4 a5
9.b5 b6
10.O-O h6
11.a4 Nd7c5
12.Be2d3 Nf6d7
13.Bd3c2 Nd7f6
14.Bc1e3 Nc5d7
15.h3 Kh7
16.Qd1d2 Nf6g8
17.Ra1d1 f5
18.exf5 gxf5
19.Bc2xf5 Rf8xf5
20.Qd2c2 e4
21.Nc3xe4 Kh8
22.Nf3d4 Rf5f7
23.Nd4e6 Qd8e7
24.Ne6xc7 Ra8b8
25.Nc7e6 Nd7f6
26.Ne4xd6 Bc8xe6
27.dxe6 Rf7f8
28.Nd6f7 Rf8xf7
29.exf7 Qe7xf7
30.Rd1d6 Qf7c7
31.Qc2d3 Bg7f8
32.Rd6c6 Qc7a7
33.Rc6xb6 Rb8e8
34.Rb6xf6 { resign }
1-0

[Event "Tourn. n9002"]
[Site "www.chess-mail.com"]
[Date "2017.01.19"]
[Round "1"]
[White "Seger"]
[Black "Ejner"]
[WhiteElo "2780"]
[BlackElo "2450"]
[Result "1-0"]
[Round "1"]
1.e4 e6
2.c4 d5
3.exd5 exd5
4.d4 Ng8f6
5.Nb1c3 Bf8b4
6.Ng1f3 O-O
7.Bf1e2 dxc4
8.Be2xc4 Rf8e8
9.Bc1e3 Bc8e6
10.Bc4xe6 Re8xe6
11.O-O Nb8c6
12.Be3g5 Bb4xc3
13.bxc3 Qd8d5
14.Bg5xf6 Re6xf6
15.Rf1e1 Rf6e6
16.Re1xe6 fxe6
17.Qd1e2 Ra8f8
18.Ra1e1 Rf8f6
19.h3 h6
20.Nf3h2 h5
21.Nh2f1 g6
22.Nf1g3 b6
23.h4 Kg7
24.Ng3e4 Rf6f5
25.Ne4g5 e5
26.Qe2a6 Qd5d7
27.Re1e4 Rf5f4
28.Re4xf4 exf4
29.Qa6c4 Nc6d8
30.Qc4e2 Nd8f7
31.Ng5e6 Kf6
32.Ne6xf4 Qd7f5
33.Qe2f3 Kg7
34.g3 Nf7d8
35.Qf3a8 { resign }
1-0

[Event "Tourn. n8971"]
[Site "www.chess-mail.com"]
[Date "2017.01.19"]
[Round "1"]
[White "Numanoid"]
[Black "Ejner"]
[WhiteElo "2320"]
[BlackElo "2460"]
[Result "1-0"]
[Round "1"]
1.e4 e6
2.d4 d5
3.e5 c5
4.c3 Nb8c6
5.Ng1f3 Ng8e7
6.Bf1d3 cxd4
7.cxd4 Ne7f5
8.Bd3xf5 exf5
9.Nb1c3 Bc8e6
10.Nc3e2 Bf8e7
11.h4 h6
12.h5 a5
13.Ne2f4 Qd8b6
14.Rh1h3 O-O
15.Rh3g3 Kh7
16.Kf1 Rf8c8
17.Nf4xe6 fxe6
18.Rg3g6 Nc6d8
19.g4 fxg4
20.Bc1xh6 Qb6xb2
21.Qd1d3 Qb2c2
22.Rg6xg7 Kh8
23.Qd3g6 Qc2xg6
24.hxg6 Rc8c7
25.Nf3h2 Nd8c6
26.Nh2xg4 Nc6xd4
27.Ng4f6 Be7xf6
28.exf6 { resign }
1-0

[Event "Tourn. n9168"]
[Site "www.chess-mail.com"]
[Date "2017.01.19"]
[Round "1"]
[White "Autmich"]
[Black "Redabond"]
[WhiteElo "1690"]
[BlackElo "1640"]
[Result "1-0"]
[Round "1"]
1.e4 e5
2.Ng1f3 Nb8c6
3.Bf1c4 h6
4.d4 exd4
5.Nf3xd4 Nc6xd4
6.Qd1xd4 Qd8f6
7.Bc1e3 Qf6xd4
8.Be3xd4 d6
9.Nb1c3 Bc8e6
10.Nc3d5 Be6xd5
11.Bc4xd5 c6
12.Bd5b3 O-O-O
13.Bb3xf7 Rd8d7
14.Bf7e6 Ng8f6
15.Bd4xf6 gxf6
16.O-O-O h5
17.f4 Kd8
18.Be6xd7 Kxd7
19.e5 fxe5
20.fxe5 d5
21.Rh1f1 Bf8h6
22.Kb1 Rh8g8
23.Rf1f7 Kc8
24.g3 Kb8
25.e6 { resign }
1-0

[Event "Tourn. n9205"]
[Site "www.chess-mail.com"]
[Date "2017.01.19"]
[Round "1"]
[White "B0zata"]
[Black "Norlavuaram"]
[WhiteElo "2130"]
[BlackElo "2080"]
[Result "0-1"]
[Round "1"]
1.e4 e5
2.Ng1f3 Nb8c6
3.Bf1c4 Bf8e7
4.d4 d6
5.h4 Ng8f6
6.Nb1c3 O-O
7.Bc1g5 Bc8g4
8.Qd1d3 h6
9.Bg5xf6 Be7xf6
10.dxe5 Bf6xe5
11.Bc4d5 Nc6b4
12.Qd3d2 Nb4xd5
13.Nf3xe5 Nd5xc3
14.Qd2xc3 dxe5
15.Qc3xe5 Rf8e8
{ resign }
0-1

[Event "Tourn. n9194"]
[Site "www.chess-mail.com"]
[Date "2017.01.19"]
[Round "1"]
[White "Bojan"]
[Black "Norlavuaram"]
[WhiteElo "2020"]
[BlackElo "2080"]
[Result "0-1"]
[Round "1"]
1.e4 e5
2.Ng1f3 Nb8c6
3.d4 exd4
4.Nf3xd4 Bf8c5
5.Nd4xc6 Qd8f6
6.f3 Qf6xc6
7.Bc1d2 Ng8f6
8.c3 O-O
9.Bd2f4 d5
10.e5 Nf6d7
11.Bf4g3 Rf8e8
12.f4 Nd7f6
13.Bf1e2 Nf6e4
14.Be2d3 Bc8f5
15.Qd1e2 Qc6g6
16.Bd3xe4 Bf5xe4
17.Nb1d2 Be4d3
18.Qe2f3 c6
19.Bg3f2 Bc5f8
20.Kd1 f6
21.exf6 Bd3e2
22.Qf3xe2 Re8xe2
23.Kxe2 Qg6xg2
24.fxg7 Bf8c5
25.Kd3 Qg2xf2
26.Ra1f1 Qf2e3
27.Kc2 d4
28.f5 dxc3
29.bxc3 Ra8d8
30.Rf1d1 Rd8xd2
31.Rd1xd2 Qe3e4
32.Kb2 Qe4xh1
33.f6 Qh1g1
34.h4 Bc5b6
35.Rd2e2 Kf7
36.Kb3 Bb6d8
37.Re2d2 Bd8xf6
38.Rd2d7 Kg8
39.Rd7xb7 Qg1b1
{ resign }
0-1

[Event "Tourn. n9137"]
[Site "www.chess-mail.com"]
[Date "2017.01.19"]
[Round "1"]
[White "Jobeye"]
[Black "Genius3"]
[WhiteElo "1980"]
[BlackElo "1870"]
[Result "0-1"]
[Round "1"]
1.d4 Ng8f6
2.c4 c5
3.Nb1c3 cxd4
4.Qd1xd4 Nb8c6
5.Qd4d1 d6
6.Bc1g5 g6
7.g3 Bf8g7
8.Bg5xf6 Bg7xf6
9.Bf1g2 O-O
10.Qd1a4 Bc8d7
11.Qa4b3 Ra8b8
 { time }
0-1

[Event "Tourn. n9135"]
[Site "www.chess-mail.com"]
[Date "2017.01.19"]
[Round "1"]
[White "Jobeye"]
[Black "Luban"]
[WhiteElo "2010"]
[BlackElo "2060"]
[Result "0-1"]
[Round "1"]
1.c4 e6
2.Ng1f3 Ng8f6
3.Nb1c3 a6
4.d4 d5
5.b3 c5
6.Bc1f4 Nb8c6
7.cxd5 Nf6xd5
8.Nc3xd5 Qd8xd5
9.e3 cxd4
10.Bf1c4 Qd5a5
11.Nf3d2 Bf8b4
12.a4 Bb4xd2
13.Qd1xd2 Qa5xd2
14.Kxd2 O-O
15.Ra1c1 Bc8d7
16.e4 e5
 { time }
0-1

[Event "Tourn. n9198"]
[Site "www.chess-mail.com"]
[Date "2017.01.19"]
[Round "1"]
[White "Bojan"]
[Black "Guidom"]
[WhiteElo "2040"]
[BlackElo "2040"]
[Result "1-0"]
[Round "1"]
1.e4 e5
2.Ng1f3 Nb8c6
3.d4 exd4
4.Nf3xd4 Nc6xd4
5.Qd1xd4 Qd8e7
6.Nb1c3 Qe7c5
7.Bc1e3 Qc5xd4
8.Be3xd4 c6
9.Bf1d3 Ng8e7
10.Bd4c5 Ne7g6
11.Bc5xf8 Ng6xf8
12.e5 Nf8e6
13.g3 O-O
14.f4 b6
15.Nc3e4 Bc8b7
16.Ne4d6 Ra8b8
17.c3 Ne6c5
18.Bd3e2 f6
19.Be2c4 Nc5e6
20.f5 b5
21.Bc4b3 { resign }
1-0

[Event "Tourn. n9077"]
[Site "www.chess-mail.com"]
[Date "2017.01.19"]
[Round "1"]
[White "Witkapje"]
[Black "Seger"]
[WhiteElo "2480"]
[BlackElo "2820"]
[Result "1-0"]
[Round "1"]
1.d4 d5
2.c4 c6
3.Ng1f3 Ng8f6
4.Nb1c3 g6
5.e3 e6
6.Bf1e2 Bf8g7
7.O-O O-O
8.b3 Rf8e8
9.Qd1c2 Nb8d7
10.Bc1b2 b6
11.Nf3e5 Bc8b7
12.f4 Ra8c8
13.Be2f3 Nd7xe5
14.fxe5 Nf6d7
15.Ra1d1 Qd8e7
16.Rf1e1 Bb7a6
17.Qc2d2 f6
18.exf6 Nd7xf6
19.e4 dxc4
20.e5 Nf6d5
21.Nc3e4 cxb3
22.axb3 Re8f8
23.Rd1a1 Rf8xf3
24.gxf3 Ba6b7
25.Ra1xa7 Bg7f8
26.Qd2g5 Qe7xg5
27.Ne4xg5 Bf8e7
28.Ng5e4 Rc8c7
29.Bb2a3 Be7xa3
30.Ra7xa3 Nd5e7
31.Ne4d6 Ne7c8
32.Re1a1 Nc8xd6
33.exd6 Rc7d7
34.Ra3a7 c5
35.dxc5 bxc5
36.Ra1c1 { resign }
1-0

[Event "Tourn. n9109"]
[Site "www.chess-mail.com"]
[Date "2017.01.19"]
[Round "1"]
[White "Bjonil60"]
[Black "Cal"]
[WhiteElo "1430"]
[BlackElo "1530"]
[Result "0-1"]
[Round "1"]
1.Nb1c3 e5
2.e4 d6
3.Qd1e2 a6
4.a3 h6
5.h3 Ng8f6
6.b3 b5
7.b4 Bc8e6
8.f3 Nb8c6
9.g3 Bf8e7
10.g4 O-O
11.d3 Qd8d7
12.Qe2d2 Nf6h7
13.Ng1e2 Be7h4
14.Kd1 Bh4g5
15.Qd2e1 Bg5xc1
16.Ne2xc1 Nc6d4
17.Bf1g2 c5
18.bxc5 dxc5
19.Ra1b1 Ra8b8
20.h4 b4
21.axb4 cxb4
22.Nc3e2 a5
23.Ne2xd4 Qd7xd4
24.Nc1e2 Qd4c5
25.g5 hxg5
26.hxg5 g6
27.Qe1h4 Be6h3
28.Bg2xh3 a4
29.Rb1c1 Qc5e3
30.Bh3f1 Rf8d8
31.Rh1h3 Kf8
32.Qh4xh7 Ke7
33.Qh7h4 b3
34.cxb3 Rd8xd3
35.Kc2 Qe3d2
36.Kb1 Rb8xb3
37.Ka1 Qd2b2

0-1

[Event "Tourn. n9198"]
[Site "www.chess-mail.com"]
[Date "2017.01.19"]
[Round "1"]
[White "Ssharp"]
[Black "Norlavuaram"]
[WhiteElo "2170"]
[BlackElo "2130"]
[Result "1/2-1/2"]
[Round "1"]
1.e4 e5
2.Ng1f3 Nb8c6
3.Bf1c4 Bf8e7
4.Nb1c3 Ng8f6
5.d3 d6
6.h3 O-O
7.O-O Nc6a5
8.Bc4b3 Na5xb3
{ draw }
1/2-1/2

[Event "Tourn. n9160"]
[Site "www.chess-mail.com"]
[Date "2017.01.19"]
[Round "1"]
[White "Guidom"]
[Black "Cristiano"]
[WhiteElo "2090"]
[BlackElo "2220"]
[Result "0-1"]
[Round "1"]
1.e4 e5
2.Ng1f3 Nb8c6
3.Bf1b5 a6
4.Bb5a4 Ng8f6
5.O-O Bf8e7
6.d3 b5
7.Ba4b3 Bc8b7
8.Bc1g5 h6
9.Bg5h4 O-O
10.Nb1d2 d6
11.Qd1e2 Nc6a5
12.c3 Na5xb3
13.axb3 c5
14.c4 Qd8d7
15.Ra1a3 g5
16.Bh4g3 Nf6h5
17.Kh1 Kg7
18.Rf1a1 Nh5f4
19.Bg3xf4 exf4
20.d4 g4
21.Nf3g1 cxd4
22.e5 Qd7f5
23.cxb5 d3
24.Qe2f1 axb5
25.exd6 Be7xd6
26.Ra3xa8 f3
27.g3 Rf8xa8
28.Ra1xa8 Bb7xa8
29.Qf1c1 Bd6xg3
30.Qc1c3 Bg3e5
31.Qc3b4 Be5xh2
32.Kxh2 Qf5e5
{ resign }
0-1

[Event "Match"]
[Site "www.echecsemail.com"]
[Date "2017.01.19"]
[Round "1"]
[White "Add"]
[Black "Liencam2"]
[WhiteElo "2120"]
[BlackElo "2290"]
[Result "0-1"]
[Round "1"]
1.e4 c5
2.Ng1f3 e6
3.e5 Nb8c6
4.b3 Ng8e7
5.Bc1b2 Ne7g6
6.g3 Qd8c7
7.Bf1g2 Ng6xe5
8.Nf3xe5 Nc6xe5
9.d4 cxd4
10.Bb2xd4 Bf8c5
11.O-O O-O
12.Rf1e1 Bc5xd4
13.Qd1xd4 Ne5c6
14.Qd4d3 d5
15.c3 Nc6e5
16.Qd3d4 Ne5g6
17.Nb1a3 a6
18.c4 Rf8d8
19.cxd5 b5
20.Re1c1 Qc7d6
21.Na3c2 exd5
22.Nc2e3 Bc8e6
23.Rc1d1 Ng6e7
24.a4 Ra8b8
25.a5 Rb8c8
26.b4 Rc8c7
27.Ra1c1 Rd8c8
28.Rc1xc7 Qd6xc7
29.Ne3xd5 Ne7xd5
30.Bg2xd5 Rc8d8
31.Qd4e4 Qc7d6
{ resign }
0-1

[Event "Match"]
[Site "www.echecsemail.com"]
[Date "2017.01.19"]
[Round "1"]
[White "Jobeye"]
[Black "Chapi"]
[WhiteElo "2040"]
[BlackElo "2080"]
[Result "0-1"]
[Round "1"]
1.d4 d5
2.Nb1c3 g6
3.Bc1f4 a6
4.f3 Bf8g7
5.e3 Nb8c6
6.Ng1e2 Bc8f5
7.g4 Bf5d7
8.a3 Ng8f6
9.Bf1g2 e6
10.b4 O-O
11.O-O Rf8e8
12.Bf4g3 Nc6a7
13.e4 Bd7c6
14.e5 Nf6d7
15.a4 Nd7b6
16.Qd1e1 Bg7f8
17.Ne2f4 Bf8xb4
18.Rf1f2 Nb6xa4
19.Nf4e2 Bc6b5
20.Ra1b1 a5
21.Qe1c1 Na4xc3
22.Ne2xc3 Bb4xc3
 { time }
0-1

[Event "Match"]
[Site "www.echecsemail.com"]
[Date "2017.01.19"]
[Round "1"]
[White "Pdebonis"]
[Black "Lucaschess"]
[WhiteElo "1499"]
[BlackElo "1499"]
[Result "1-0"]
[Round "1"]
1.d4 d5
2.c4 dxc4
3.Ng1f3 Ng8f6
4.e3 c5
5.Bf1xc4 e6
6.O-O Nb8c6
7.Nb1c3 cxd4
8.exd4 Nc6b4
9.Bc1g5 Bf8e7
10.Bg5xf6 Be7xf6
11.Qd1b3 a5
12.a3 Nb4c6
13.d5 exd5
14.Rf1e1 Nc6e7
15.Nc3xd5 { resign }
1-0

[Event "Match"]
[Site "www.echecsemail.com"]
[Date "2017.01.19"]
[Round "1"]
[White "Yoj"]
[Black "Pwain"]
[WhiteElo "1809"]
[BlackElo "2400"]
[Result "0-1"]
[Round "1"]
1.g3 e5
2.e3 d5
3.Bf1g2 Ng8f6
4.Nb1c3 c6
5.f3 Bf8d6
6.d4 O-O
7.e4 exd4
8.Qd1xd4 Rf8e8
9.Bc1g5 Bd6e5
10.Qd4e3 d4
11.Qe3e2 dxc3
12.b3 h6
13.Ra1d1 Qd8a5
14.Bg5h4 g5
15.Bh4xg5 hxg5
16.h4 Be5xg3
17.Kf1 g4
18.fxg4 Bc8xg4
19.Bg2f3 Re8xe4
20.Qe2g2 Qa5a6
21.Ng1e2 Re4xe2
22.Qg2xg3 Re2e3
23.Kf2 Nf6e4
24.Kxe3 Ne4xg3
25.Rd1d8 Kg7
26.Bf3xg4 Qa6b6
27.Kf4 Qb6xd8
28.Kxg3 Nb8a6
{ resign }
0-1

[Event "Match"]
[Site "www.echecsemail.com"]
[Date "2017.01.19"]
[Round "1"]
[White "Kazooie"]
[Black "Sonny1000"]
[WhiteElo "1919"]
[BlackElo "1290"]
[Result "1-0"]
[Round "1"]
1.e4 e5
2.c3 Bf8c5
3.d4 exd4
4.cxd4 Bc5b6
5.Nb1c3 c6
6.e5 Bb6a5
7.Bf1e2 Ba5b4
8.Ng1f3 d5
9.O-O h6
10.Bc1f4 Bb4xc3
11.bxc3 Bc8g4
12.Bf4g3 Bg4xf3
13.Be2xf3 Qd8a5
14.Qd1b3 Ng8e7
15.Qb3xb7 Ne7c8
16.Qb7xa8 Qa5xc3
17.Qa8xb8 Kd7
18.Bf3g4 Ke7
19.Qb8c7 Ke8
20.Qc7d7 Kf8
21.Qd7d8 { resign }
1-0

[Event "Match"]
[Site "www.echecsemail.com"]
[Date "2017.01.19"]
[Round "1"]
[White "Fangshuo"]
[Black "Jobeye"]
[WhiteElo "2120"]
[BlackElo "1970"]
[Result "1-0"]
[Round "1"]
1.e4 g5
2.Bf1c4 e6
3.d3 c6
4.Qd1h5 Qd8f6
5.Bc1xg5 Qf6xb2
6.Ng1f3 Qb2xa1
7.O-O Qa1g7
8.Nb1d2 h6
9.Bg5h4 Ng8f6
10.Bh4xf6 Qg7xf6
11.e5 Qf6g6
12.Qh5h4 Bf8e7
13.Qh4d4 Rh8g8
14.g3 b6
15.Nd2b3  { time }
1-0

[Event "Match"]
[Site "www.echecsemail.com"]
[Date "2017.01.19"]
[Round "1"]
[White "Whitekknight"]
[Black "Sonny1000"]
[WhiteElo "1900"]
[BlackElo "1320"]
[Result "1-0"]
[Round "1"]
1.e4 e5
2.Ng1f3 f6
3.d4 d5
4.dxe5 Bf8e7
5.exd5 Be7c5
6.e6 Nb8a6
7.Bf1xa6 bxa6
8.Nb1c3 Ra8b8
9.O-O Ng8e7
10.Ra1b1 Bc5b4
11.Bc1e3 Bb4xc3
12.bxc3 Ne7xd5
13.Rb1xb8 Nd5xe3
14.fxe3 Qd8xd1
15.Rf1xd1 Ke7
16.Nf3d4 Kd6
17.c4 Rh8e8
18.Nd4f5 Kxe6
19.Nf5xg7 Kf7
20.Ng7xe8 Kxe8
21.Rb8xc8 Kf7
22.Rc8xc7 Kg6
23.Rc7xa7 h6
24.h4 h5
25.e4 a5
26.Rd1d7 a4
27.Rd7g7 Kh6
28.Rg7h7 Kg6
29.Ra7g7 { resign }
1-0

[Event "Match"]
[Site "www.echecsemail.com"]
[Date "2017.01.19"]
[Round "1"]
[White "Jobeye"]
[Black "Silent1"]
[WhiteElo "1809"]
[BlackElo "1950"]
[Result "0-1"]
[Round "1"]
1.d4 d5
2.Nb1c3 c6
3.e4 dxe4
4.Nc3xe4 e6
5.Ng1f3 Bf8e7
6.Nf3e5 Nb8d7
7.Ne5xd7 Bc8xd7
8.b3 Ng8f6
9.Ne4g3 O-O
10.Bf1d3 Qd8a5
11.Bc1d2 Be7b4
12.Bd2xb4 Qa5xb4
13.Qd1d2 Qb4xd4
14.O-O Qd4b6
15.Ra1e1 h6
16.Kh1 Qb6c7
17.c4 Ra8d8
18.f4 Rf8e8
19.Qd2f2 a6
20.h3 c5
21.Re1e5 b6
22.Qf2e3 Bd7c6
23.Ng3e4 Nf6xe4
24.Bd3xe4 Bc6xe4
 { time }
0-1

[Event "Match"]
[Site "www.echecsemail.com"]
[Date "2017.01.19"]
[Round "1"]
[White "Jobeye"]
[Black "Pariolinius"]
[WhiteElo "2010"]
[BlackElo "1900"]
[Result "0-1"]
[Round "1"]
1.b4 e5
2.c3 Ng8f6
3.d3 d5
4.e3 Bf8d6
5.Bf1e2 Nb8d7
6.Bc1d2 b6
7.a3 Bc8b7
8.f3 O-O
9.Qd1b3 c5
10.bxc5 Nd7xc5
11.Qb3c2 Ra8c8
12.d4 Nc5e6
13.Qc2f5 e4
14.f4 g6
15.Qf5h3 Rc8c7
16.g4 Ne6g7
17.f5 Bb7c8
18.Qh3g2 h6
19.Qg2h3 h5
20.fxg6 Nf6xg4
21.gxf7 Rc7xf7
22.Qh3g2 Rf7f2
23.Qg2h3 Ng4e5
 { time }
0-1

[Event "Match"]
[Site "www.echecsemail.com"]
[Date "2017.01.19"]
[Round "1"]
[White "Llord"]
[Black "Yoj"]
[WhiteElo "1930"]
[BlackElo "1749"]
[Result "1-0"]
[Round "1"]
1.e4 e5
2.Ng1f3 Nb8c6
3.Bf1c4 Ng8f6
4.Nb1c3 Bf8b4
5.a3 Bb4xc3
6.dxc3 Nf6xe4
7.Qd1d5 Ne4d6
8.Nf3g5 O-O
9.Qd5d3 g6
10.Qd3h3 h5
11.g4 Nd6xc4
12.gxh5 f6
13.hxg6 Qd8e7
14.Ng5f7 Rf8xf7
15.gxf7 Qe7xf7
16.Rh1g1 Kf8
17.Qh3h8 Ke7
18.Rg1g7 Nc4d6
19.Rg7xf7 Nd6xf7
20.Qh8g8 d5
21.b3 b6
22.a4 Bc8b7
23.Bc1a3 Ke6
24.Qg8g4 f5
25.Qg4g6 Kd7
26.Qg6xf7 { resign }
1-0

[Event "Match"]
[Site "www.echecsemail.com"]
[Date "2017.01.19"]
[Round "1"]
[White "Ozana"]
[Black "Luban"]
[WhiteElo "2010"]
[BlackElo "2000"]
[Result "1/2-1/2"]
[Round "1"]
1.Ng1f3 d5
2.d4 e6
3.c4 dxc4
4.e3 Ng8f6
5.Bf1xc4 Bf8e7
6.O-O O-O
7.Nb1c3 a6
8.Qd1e2 b5
9.Bc4b3 Bc8b7
10.Bc1d2 c5
11.Ra1c1 cxd4
12.Nf3xd4 Nb8c6
13.Nd4xc6 Bb7xc6
14.Rf1d1 Qd8b6
15.e4 b4
16.e5 bxc3
17.exf6 cxd2
18.fxe7 dxc1Q
19.exf8Q Kxf8
20.Rd1xc1 Ra8d8
21.Qe2c2 { draw }
1/2-1/2

[Event "Match"]
[Site "www.echecsemail.com"]
[Date "2017.01.19"]
[Round "1"]
[White "Pellix84"]
[Black "Ozana"]
[WhiteElo "1970"]
[BlackElo "2010"]
[Result "0-1"]
[Round "1"]
1.d4 Ng8f6
2.Ng1f3 d5
3.e3 g6
4.b3 Bf8g7
5.Bc1b2 O-O
6.c4 c6
7.cxd5 cxd5
8.Nb1c3 Nb8c6
9.h3 Bc8f5
10.Bf1e2 Nf6e4
11.Ra1c1 Nc6b4
12.a3 Ne4xc3
13.Rc1xc3 Nb4a2
14.Rc3c5 b6
15.Rc5c6 Qd8d7
16.Be2b5 a6
17.Rc6xb6 axb5
18.Qd1e2 Rf8c8
19.O-O Rc8c2
{ resign }
0-1

[Event "Match"]
[Site "www.echecsemail.com"]
[Date "2017.01.19"]
[Round "1"]
[White "Yoj"]
[Black "Mdesouza"]
[WhiteElo "1960"]
[BlackElo "2320"]
[Result "0-1"]
[Round "1"]
1.Nb1c3 Ng8f6
2.b3 g6
3.Bc1b2 Bf8g7
4.d4 d5
5.g3 O-O
6.Bf1g2 Bc8f5
7.e3 Nf6e4
8.Nc3xe4 Bf5xe4
9.f3 Be4f5
10.e4 Bf5c8
11.e5 c5
12.Qd1d2 cxd4
13.Qd2xd4 e6
14.O-O-O Nb8c6
15.Qd4f4 Qd8a5
16.a3 Bc8d7
17.b4 Qa5c7
18.Rd1e1 Ra8c8
19.Re1d1 Nc6xb4
{ resign }
0-1

[Event "Match"]
[Site "www.echecsemail.com"]
[Date "2017.01.19"]
[Round "1"]
[White "Jobeye"]
[Black "Jesmantiz"]
[WhiteElo "2010"]
[BlackElo "2180"]
[Result "0-1"]
[Round "1"]
1.g3 f5
2.c4 d6
3.e3 e5
4.Bf1g2 c6
5.Nb1c3 Bc8e6
6.d3 Ng8f6
7.a3 Nb8d7
8.b4 Bf8e7
9.Bg2f3 O-O
10.Ng1e2 g5
11.h3 d5
12.c5 a5
13.Bc1b2 axb4
 { time }
0-1